Bloons TD - All Towers - Statistics

General Stats
  • This quiz has been taken 44 times
  • The average score is 25 of 28
Answer Stats
Debut Entry Answer % Correct
1 Dart Monkey
100%
4 Glue Gunner
100%
1 Ice Monkey
100%
4 Monkey Ace
100%
5 Monkey Sub
100%
5 Sniper Monkey
100%
1 Super Monkey
100%
1 Bomb Shooter
97%
2 Boomerang Monkey
97%
1 Tack Shooter
97%
4 Wizard Monkey
97%
4 Banana Farm
94%
5 Heli Pilot
94%
4 Monkey Buccaneer
94%
5 Ninja Monkey
94%
6 Druid
90%
5 Engineer Monkey
90%
3 Monkey Village
90%
6 Alchemist
87%
4 Dartling Gunner
87%
4 Spike Factory
84%
6 Desperado
81%
6 Mermonkey
81%
4 Mortar Monkey
81%
6 Beast Handler
71%
5 Bloonchipper
65%
3 Spike-o-pult
52%
4 Beekeeper
32%
No matching quizzes found
Score Distribution
Percent of People with Each Score
Percentile by Number Answered
Your Score History
You have not taken this quiz